Estadistica Quinquenales de Cuba 1965-1980

Na minha lista:
Detalhes bibliográficos
Formato: Livro
Idioma:espanhol
Publicado em: La Habana Comite Estatal de Estadisticas 1982
Tags: Adicionar Tag
Sem tags, seja o primeiro a adicionar uma tag!

MARC

LEADER 00000nam a2200000 4500
001 c131001
005 20041019155251.1
041 0 |a spa 
044 |a CU 
245 1 0 |a Estadistica Quinquenales de Cuba 1965-1980 
264 1 |a La Habana  |b Comite Estatal de Estadisticas  |c 1982 
300 |a 115 s.